MARC

LEADER 00000nam0a2200000 4500
001 299045
005 20231102001150.0
035 |a (RuTPU)RU\TPU\book\324197 
090 |a 299045 
100 |a 20150624d1967 km y0rusy50 ca 
101 0 |a rus 
102 |a RU 
105 |a a z 001zy 
200 1 |a Определение ß-активности проб из биосубстратов методом градуировочных кривых  |f И. И. Денисов [и др.] 
210 |a Москва  |c Атомиздат  |d 1967 
215 |a 35 с.  |c ил. 
320 |a Библиогр.: с. 34. 
606 1 |a Радиоактивные изотопы  |x Применение в биологии  |2 stltpush  |3 (RuTPU)RU\TPU\subj\22384  |9 47154 
610 1 |a биосубстраты 
610 1 |a эталонные таблетки 
610 1 |a приготовление 
610 1 |a активность 
610 1 |a измерения 
675 |a 577.346  |v 4 
701 1 |a Денисов  |b И. И. 
701 1 |a Соколова  |b Г. И. 
701 1 |a Сафрошин  |b В. В. 
701 1 |a Кошаева  |b К. К. 
801 1 |a RU  |b 63413507  |c 20150624 
801 2 |a RU  |b 63413507  |c 20150626  |g RCR 
942 |c BK